000 00959nam a2200277 a 4500
001 BRL_293
005 20190320210655.0
008 220713s1949----gw-ao#####---#000-0#ger-#
041 _ager
044 _agw
050 4 _aE59.A7
_b.K7 1949
100 1 _aKrickeberg, Walter
_d1885-1962
_923476
245 1 0 _aFelsplastik und Felsbilder bei den Kulturvölkern Altamerikas, mit besonderer Berücksichtigung Mexicos
_cvon Walter Krickeberg.
260 _aBerlin
_bPalmen-Verlag
_c1949-[69]
300 _a2 v.
_bil.
_c26 cm.
500 _aej.1 Au2350, ej.2 Au383
500 _aLa biblioteca cuenta con 2 ejemplares
500 _aLa bibloteca cuenta solo con el v.1
505 0 _aContenido: v.1. I Die Andenländer : II Die Felsentempel in Mexico.
650 1 4 _aIndígenas
_xArte
_923477
650 1 4 _aArquitectura indígena
_923478
650 1 4 _aPictografía, Indígena
_923479
651 4 _aAmérica
_xAntigüedades
_99854
902 _aGRL
942 _2lcc
_cB
999 _c9106
_d9106